000 00736nam a2200169 i 4500
001 40420
003 ES-MaACL
005 20230906160221.0
007 t|
008 030306s1887 sp ||||1| spa d
100 1 _aCárdenas, José de.
_935141
245 1 0 _aDiscursos sobre instrucción pública y agricultura /
_cpronunciados por José de Cárdenas en el Congreso de los Diputados contra la totalidad y el capítulo 19 del presupuesto del Ministerio de Fomento para el año económico de 1887-88.
260 _aMadrid :
_b[s.n.],
_c1887 (
_fImp. de los Hijos de J. A. García)
300 _a181 p. ;
_c20 cm.
852 _aES-MaACL
_jT-718-F-5
_z.- Dedicatoria autógrafa del autor a Manuel Saenz Diez
852 _aES-MaACL
_jT-477-F-2
999 _c40420
_d40420